000 00541nam a22002177a 4500
003 OSt
005 20140310182826.0
008 130528t xxu||||| |||| 00| 0 eng d
020 _a9710861328
050 _aQA 154
_b.R457 2010
082 _aFIL 516.24
_bR457 2010
245 _aTrigonometry
_cReyes, Fe N.
250 _a2nd ed.
260 _aMandaluyong City
_bCacho Hermanos, Inc.
_c2010
300 _a394 p.
_c22 cm
521 _acollege
526 _c1210L-1700L
541 _j1
562 _e1
942 _2lcc
_cBK
_kFIL
999 _c16495
_d16495